000 00811nam a22002297a 4500
999 _c6470
_d6470
003 AR-CdUCM
008 190318b ||||| |||| 00| 0 spa d
020 _a1-56259-032-4
040 _aMUNICIPALIDAD PROVINCIAL DEL CUSCO
_cBIBLIOTECA MUNICIPAL DEL CUSCO
082 _a050 /
_bAL44
245 _aAlmanaque Mundial 1999 /
260 _aMéxico :
_bTelevisa ;
_c1998.
300 _a608 páginas ;
_bFotografías, ilustraciones, tablas
_c20cm
505 _aContenido: La clonación, avances y limites -- Hielo en la luna y Pathfincer en Marte -- Nagano -- Nuevos hallazgos de la arqueología submarina.
650 _aAlmanaque
_918315
650 _a1999
_918331
650 _aGeografía
_9318
650 _aPaíses
_918332
710 _aEditorial Televisa
_918333
942 _2ddc
_cLIBROS
945 _anom